[Event "Francophonie-ch 8th"]
[Site "Casablanca"]
[Date "2022.07.03"]
[Round "2"]
[White "Abderrahim Taleb, Mohamed"]
[Black "Berend, Elvira S"]
[Result "0-1"]
[WhiteElo "2084"]
[BlackElo "2333"]
[PlyCount "116"]
[EventDate "2022.07.02"]
[EventType "swiss"]
[EventRounds "9"]
[EventCountry "MAR"]
[SourceTitle "EXT 2023"]
[Source "ChessBase"]
[SourceDate "2022.10.05"]
[SourceVersion "1"]
[SourceVersionDate "2022.10.05"]
[SourceQuality "1"]

1. e4 c5 2. c3 d5 3. exd5 Qxd5 4. Nf3 g6 5. d4 Bg7 6. dxc5 Qxc5 7. Be3 Qc7 8. Nbd2 Nf6 9. Qa4+ Bd7 10. Bb5 Nc6 11. 0-0 a6 12. Rfe1 0-0 13. Bf1 Nd5 14. Qh4 Nxe3 15. Rxe3 e5 16. Ne4 Qd8 17. Neg5 h6 18. Bc4 Qf6 19. Ne4 Qxh4 20. Nxh4 Kh7 21. Nd6 Nd8 22. Nf3 f6 23. Bd5 Rb8 24. Rd1 Be6 25. c4 Bxd5 26. cxd5 Nf7 27. Nc4 Rbc8 28. b3 Rfd8 29. Nb6 Rc2 30. a4 Bf8 31. Ne1 Rc7 32. Nc4 b5 33. axb5 axb5 34. Nb2 Ba3 35. Re2 Rc3 36. Rd3 Bxb2 37. Rxb2 Rxd3 38. Nxd3 Rxd5 39. Ne1 Nd6 40. f3 g5 41. Kf2 Kg6 42. Re2 Nf5 43. Nc2 Rd3 44. g4 Nd4 45. Nxd4 exd4 46. Rb2 b4 47. Ke2 Re3+ 48. Kf2 Rc3 49. Rd2 d3 50. Ke3 Rxb3 51. Rxd3 Rxd3+ 52. Kxd3 Kf7 53. Kc4 Ke6 54. Kxb4 Ke5 55. Kc5 Kf4 56. Kd6 Kxf3 57. Ke6 Kxg4 58. Kxf6 Kh3 0-1